00822nam a2200253 a 450000100060000000300080000600500170001400800410003103500190007204000270009104100080011808200220012610000330014824501430018126000460032430000340037050000460040465100170045065100120046765100230047965100160050265100100051870000400052865003BD-RjUL20211209081357.0170226s1939 enkb 001 0 eng  a(BD-RjUL)65133 aDLCcSUCdBD-RjULbeng aeng 223a956bBOM 19391 aBoveri, Margret,d1900-1975.10aMinaret and pipe-line :byesterday and to-day in the Near East /cby Margret Boveri; translated from the German by Louisa Marie Sieveking. aLondon :bOxford university press,c1939. axvi, 422 p. :bill. ;c22 cm. aTranslation of Vom minarett zum bohrturm. 0aMiddle East. 0aTurkey. 0aArabian Peninsula. 0aIrak-Arabi. 0aIran.1 aSieveking, L. Marieq(Louise Marie)